00634 2200229 4500001002100000005001700021008004100038020001800079035002500097082001200122090001900134100002000153245007000173250001000243260003400253300003500287500003100322500001100353650001300364850001200377990001500389YOGYA-0209000003027920150611075630.0 ind  a979-533-004-7 a0010-020900000030279 a001.642 a001.642bSet S aSETIAWAN, Sandi aSimulasi teknik pemrograman dan metode analisisc/ Sandi Setiawan aEd. 1 aYogyakartabAndi Offsetc1991 ax, 407 hlm. :bilus. ;c22 cm. aBibliografi : hlm. 379-385 aIndeks aKomputer aYOPDYOG a49323-P/94